00486cam a22001337a 4500008004000000082002000040245008800060260004800148300001000196650004100206650004200247650004400289700001900333180718b1999 xxu||||| |||| 00| 0 eng d aB131x54332 C362 aChandigarh lifescape: brief social history of planned citycby Kavita Sharma et.al. aChandigarhbChandigarh Administrationc1999 a101p. aSociology, Urban - Candigarh - India aCities and towns - Chandigarh - India aCity and town life - Chandigarh - India aSharma, Kavita